Таблицы для гидравлического расчета водопроводных труб: справочное пособие

書目詳細資料
主要作者: Шевелев Ф. А. Фирс Александрович
其他作者: Шевелев А. Ф. Александр Фирсович
總結:Изложены принципы гидравлического расчета стальных, чугунных, асбестоцементных, железобетонных, полимерных и стеклянных водопроводных труб. Издание 7-е вышло в 1995 г. Издание 8-е вышло в 2008 г. и было дополнено данными для проведения гидравлического расчета труб ВЧШГ и пластмассовых труб по новому ГОСТу, а также таблицами по расчету металлических труб с защитными цементно-песчаными покрытиями и стеклопластиковых труб. В 8-м издании были допущены некоторые ошибки в расчетах, которые устранены в 9-м издании. Пособие предназначено для научных и инженерно-технических работников научно-исследовательских и проектных организаций и служб эксплуатации.
語言:俄语
出版: Москва, Бастет, 2009
版:9-е изд., испр.
主題:
格式: 圖書
KOHA link:https://koha.lib.tpu.ru/cgi-bin/koha/opac-detail.pl?biblionumber=184433

MARC

LEADER 00000nam0a2200000 4500
001 184433
005 20231031172313.0
010 |a 9785903178148 
035 |a (RuTPU)RU\TPU\book\200015 
035 |a RU\TPU\book\156512 
090 |a 184433 
100 |a 20081002d2009 km y0rusy50 ca 
101 0 |a rus 
102 |a RU 
105 |a y go 001zy 
200 1 |a Таблицы для гидравлического расчета водопроводных труб  |e справочное пособие  |f Ф. А. Шевелев, А. Ф. Шевелев 
205 |a 9-е изд., испр. 
210 |a Москва  |c Бастет  |d 2009 
215 |a 351 с. 
320 |a Библиогр.: с. 347-348. 
330 |a Изложены принципы гидравлического расчета стальных, чугунных, асбестоцементных, железобетонных, полимерных и стеклянных водопроводных труб. Издание 7-е вышло в 1995 г. Издание 8-е вышло в 2008 г. и было дополнено данными для проведения гидравлического расчета труб ВЧШГ и пластмассовых труб по новому ГОСТу, а также таблицами по расчету металлических труб с защитными цементно-песчаными покрытиями и стеклопластиковых труб. В 8-м издании были допущены некоторые ошибки в расчетах, которые устранены в 9-м издании. Пособие предназначено для научных и инженерно-технических работников научно-исследовательских и проектных организаций и служб эксплуатации. 
606 1 |a Водопроводные трубы  |x Гидравлический расчет  |2 stltpush  |3 (RuTPU)RU\TPU\subj\2945 
610 1 |a стальные трубы 
610 1 |a металлические трубы 
610 1 |a расчетные формулы 
610 1 |a таблицы 
610 1 |a справочники 
610 1 |a водоснабжение 
610 1 |a справочные пособия 
675 |a 628.14(035)  |v 3 
700 1 |a Шевелев  |b Ф. А.  |g Фирс Александрович 
701 1 |a Шевелев  |b А. Ф.  |g Александр Фирсович 
801 1 |a RU  |b 63413507  |c 20100909 
801 2 |a RU  |b 63413507  |c 20150714  |g RCR 
942 |c BK 
959 |a 61/20100909  |d 5  |e 415,00  |f АНЛ:1  |f ЧЗТЛ:1  |f УФ:3